Porovnanie exekučnej efektívnosti Boyer-Mooreho vyhľadávacieho algoritmu a knižničnej vyhľadávacej funkcie strstr v programe vytvorenom v jazyku C++ diplomová práca

Gespeichert in:
Bibliographische Detailangaben
1. Verfasser: Serdula, Patrik
Körperschaft: Fakulta hospodárskej informatiky EU. Katedra aplikovanej informatiky
Weitere Verfasser: Košťál, Igor, 1962-
Format: Buch
Sprache:Slowakisch
Veröffentlicht: Bratislava 2022
Tags: Tag hinzufügen
Keine Tags, Fügen Sie das erste Tag hinzu!

MARC

LEADER 00000nbm a2200000 4500
001 0286000
005 20221214135546.7
041 0 |a slo 
044 |a SK 
245 1 0 |a Porovnanie exekučnej efektívnosti Boyer-Mooreho vyhľadávacieho algoritmu a knižničnej vyhľadávacej funkcie strstr v programe vytvorenom v jazyku C++  |b diplomová práca  |c Patrik Serdula ; školiteľ: Igor Košťál 
264 1 |a Bratislava  |c 2022 
300 |a 72 s. 
100 1 |a Serdula, Patrik 
700 1 |a Košťál, Igor, 1962- 
710 2 |a Fakulta hospodárskej informatiky EU. Katedra aplikovanej informatiky